Регионална библиотека "Любен Каравелов" - Русе

Коментар на Закона за публичното предлагане на ценни книжа (Запис номер 43214)

MARC детайли
000 -Лидер
Контролно поле с фиксирана дължина 01359nam a2200325 c 4500
003 - Код на организацията, давaща контролен номер
Контролно поле BLK
005 - Дата и час на последна редакция
Контролно поле 20240722145556.0
008 - Елементи от данни с фиксирана дължина
fixed length control field 180408b bul|||||r ||||||| ||bul||
010 ## - Наследен системен номер
LC control number KNG00046906000
020 ## - Международен стандартен номер на книга ISBN
Международен стандартен номер на книга ISBN 954-608-050-0
-- издат.: Труд и право
040 ## - Източник на каталожния запис
Идентификатор на билиотеката - собственик на записа BLK
041 ## - Код за език
Код за езика на текст/звукозапис или на отделно заглавие Български
Код за езика КДБФ Български
080 ## - УДК
Текстов определител УДК Стопанско законодателство. Търговия. Индустрия
УДК код - определител по УДК 351.82
УДК определител :336.76(497.2)(094.5)
УДК - код + определител 351.82:336.76(497.2)(094.5)
100 1# - Редна дума - Автор
Автор Калайджиев, Ангел
Авторска отговорност първи автор
R(LIN) 366721
139 ## - Редно поле
Редна дума Коментар на Закона за публичното предлагане на ценни книжа
Авторски знак Ком - К 80
245 10 - Сведения за заглавието
Заглавие Коментар на Закона за публичното предлагане на ценни книжа
Редно поле (дума) Ангел Калайджиев.
257 ## - Страна на издаване
Страна на създаване/издаване България
260 ## - Област на издателските данни
-- София
Име на издателя, разпространителя и проч. Труд и право
Година на издаване 2000
300 ## - Физическа характеристика
Страници 912 с.
Размери/Мащаб 21 см
380 ## - Жанр
Жанр Обществени науки
500 ## - Общи забележки
Забележка Деп. сп.: 41
650 #4 - Допълнително описание по предмет – тема
Основно описание – тема или топоним Ценни книжа - България - законодателни и директивни материали
9 (RLIN) 266165
653 ## - Ключова дума – ненормативна
Ключова дума ценни книжа
852 ## - Местоположение
Форматна сигнатура Цб 206369
856 4# - Електронен адрес и достъп
Електронен формат pdf - файл
Път до файла /url/
856 4# - Електронен адрес и достъп
Електронен формат pdf - файл
Път до файла /url/
942 ## - АРТИКУЛИ
Вид на библиотечния материал Книги
Скрит в OPAC Не
Koha issues (borrowed), all copies 1
944 ## - СЪЗДАВАНЕ И РЕДАКЦИЯ на ЗАПИСА
Създаване/Редакция Създаване
Дата на регистрацията/редакция 01.01.2000
Служител, извършил регистрацията/редакцията 30576
Статус, дата на статуса Цветомила Тодорова
944 ## - СЪЗДАВАНЕ И РЕДАКЦИЯ на ЗАПИСА
Създаване/Редакция Редакция
Дата на регистрацията/редакция 18.10.2006
Служител, извършил регистрацията/редакцията
999 ## - СИСТЕМНИ КОНТРОЛНИ НОМЕРА
Koha biblionumber 43214
Koha biblioitemnumber 43214
Наличности
Код за отписване Код за изгубен артикул Източник на класификационната схема Код за повреда Коз за рестрикции Код за отдаване Артикулен № Име на библиотеката - собственик Име на библиотеката, в която се намира в момента Статус (Текущо местоположение) Дата на вписване в системата Местоположение - отдел Цена в лева Инвентарен номер Систематично азбучна сигнатура Баркод Номер на екземпляра Цена в евро Служебна бележка Служебен тип на артикула
  Не е изгубен Universal Decimal Classification Не е повреден без рестрикции ползва се в читалня 67957 Регионална библиотека "Любен Каравелов" Русе Регионална библиотека "Любен Каравелов" Русе Хранилище 2001-01-01 Хранилище 24.00 660039 Цб 206369 120000660039 1 12.27 Дост: Dp Вид: Д N: стар фонд Дата: 01.01.2001 Книги
  Не е изгубен   Не е повреден без рестрикции заемане за дома 67958 Регионална библиотека "Любен Каравелов" Русе Регионална библиотека "Любен Каравелов" Русе Заемна - подръчен фонд 2002-05-10 Заемна - подръчен фонд 24.00 120000669851 П 351/К 80 120000669851 2 12.27 Дост: DA Вид: А N: 17 Дата: 10.05.2002 Дата инв: 05.02.2018 Бележки инв: П2018 Книги
Изтеглен Не е изгубен   Не е повреден без рестрикции ползва се в читалня 67959 Регионална библиотека "Любен Каравелов" Русе Регионална библиотека "Любен Каравелов" Русе Читалня 2002-05-10 Читалня 24.00 120000669852 Ч 351.82/К 80 120000669852 3 12.27 Дост: DA Вид: А N: 17 Дата: 10.05.2002 Дата инв: 29.03.2017 Бележки инв: Ч2017 Книги
Vip Innovations Ltd, Rousse, Bulgaria 2025